McGraw-Hill electronic troubleshooting handbook / (Record no. 182445)

000 -LEADER
fixed length control field 00841 a2200193 4500
003 - CONTROL NUMBER IDENTIFIER
control field Nust
005 - DATE AND TIME OF LATEST TRANSACTION
control field 20221206095005.0
010 ## - LIBRARY OF CONGRESS CONTROL NUMBER
LC control number 95005291
020 ## - INTERNATIONAL STANDARD BOOK NUMBER
International Standard Book Number 0070376581 (H)
040 ## - CATALOGING SOURCE
Transcribing agency Nust
082 00 - DEWEY DECIMAL CLASSIFICATION NUMBER
Classification number 621.38154,LEN
100 1# - MAIN ENTRY--PERSONAL NAME
Personal name Lenk, John D.
9 (RLIN) 57741
245 10 - TITLE STATEMENT
Title McGraw-Hill electronic troubleshooting handbook /
Statement of responsibility, etc. John D. Lenk.
260 ## - PUBLICATION, DISTRIBUTION, ETC.
Place of publication, distribution, etc. New York :
Name of publisher, distributor, etc. McGraw-Hill,
Date of publication, distribution, etc. c1995.
300 ## - PHYSICAL DESCRIPTION
Extent xii, 372 p. :
Other physical details ill. ;
Dimensions 25 cm.
505 ## - FORMATTED CONTENTS NOTE
Formatted contents note Introduction to Electronic Troubleshooting (Page-1), Television Circuit Troubleshooting (Page-105), VCR Circuit Troubleshooting (Page-179), Camcorder Circuit Troubleshooting (Page-235), CD And DAT Circuit Troubleshooting (Page-271), Digital Circuit Troubleshooting (Page-307), Communications Circuit Troubleshooting (Page-355).
650 #0 - SUBJECT ADDED ENTRY--TOPICAL TERM
Topical term or geographic name entry element Telecommunication Engineering.
942 ## - ADDED ENTRY ELEMENTS (KOHA)
Source of classification or shelving scheme
Koha item type Book
Holdings
Withdrawn status Lost status Source of classification or shelving scheme Damaged status Not for loan Permanent Location Current Location Shelving location Date acquired Full call number Barcode Date last seen Price effective from Koha item type Public note
          Military College of Signals (MCS) Military College of Signals (MCS) General Stacks 12/12/2016 621.38154,LEN MCS28635 12/08/2016 12/12/2016 Book Almirah No.34, Shelf No.5
© 2023 Central Library, National University of Sciences and Technology. All Rights Reserved.